<?xml version="1.0" encoding="UTF-8"?>
<collection xmlns="http://www.loc.gov/MARC21/slim">
 <record>
  <leader>04442cam a2200865   4500</leader>
  <controlfield tag="001">786733705</controlfield>
  <controlfield tag="003">DE-627</controlfield>
  <controlfield tag="005">20240926201501.0</controlfield>
  <controlfield tag="007">tu</controlfield>
  <controlfield tag="008">140528s2014    gw ||||| c    00| ||ger c</controlfield>
  <datafield tag="010" ind1=" " ind2=" ">
   <subfield code="a">  2014473070</subfield>
  </datafield>
  <datafield tag="015" ind1=" " ind2=" ">
   <subfield code="a">14,A31</subfield>
   <subfield code="2">dnb</subfield>
  </datafield>
  <datafield tag="016" ind1="7" ind2=" ">
   <subfield code="a">1051336155</subfield>
   <subfield code="2">DE-101</subfield>
  </datafield>
  <datafield tag="020" ind1=" " ind2=" ">
   <subfield code="a">3777422762</subfield>
   <subfield code="c"> : Pp. : EUR 39.90 (DE)</subfield>
   <subfield code="9">3-7774-2276-2</subfield>
  </datafield>
  <datafield tag="020" ind1=" " ind2=" ">
   <subfield code="a">9783777422763</subfield>
   <subfield code="c">Kart. : ca. EUR 39.90 (DE), ca. EUR 41.10 (AT), ca. sfr 51.90 (freier Pr.)</subfield>
   <subfield code="9">978-3-7774-2276-3</subfield>
  </datafield>
  <datafield tag="024" ind1="3" ind2=" ">
   <subfield code="a">9783777422763</subfield>
  </datafield>
  <datafield tag="035" ind1=" " ind2=" ">
   <subfield code="a">(DE-627)786733705</subfield>
  </datafield>
  <datafield tag="035" ind1=" " ind2=" ">
   <subfield code="a">(DE-576)409608653</subfield>
  </datafield>
  <datafield tag="035" ind1=" " ind2=" ">
   <subfield code="a">(DE-599)DNB1051336155</subfield>
  </datafield>
  <datafield tag="035" ind1=" " ind2=" ">
   <subfield code="a">(OCoLC)880721034</subfield>
  </datafield>
  <datafield tag="035" ind1=" " ind2=" ">
   <subfield code="a">(OCoLC)884943330</subfield>
  </datafield>
  <datafield tag="035" ind1=" " ind2=" ">
   <subfield code="a">(OCoLC)1083971102</subfield>
  </datafield>
  <datafield tag="040" ind1=" " ind2=" ">
   <subfield code="a">DE-627</subfield>
   <subfield code="b">ger</subfield>
   <subfield code="c">DE-627</subfield>
   <subfield code="e">rakwb</subfield>
  </datafield>
  <datafield tag="041" ind1=" " ind2=" ">
   <subfield code="a">ger</subfield>
  </datafield>
  <datafield tag="044" ind1=" " ind2=" ">
   <subfield code="c">XA-DE-BY</subfield>
  </datafield>
  <datafield tag="050" ind1=" " ind2="0">
   <subfield code="a">N6888.L44</subfield>
  </datafield>
  <datafield tag="082" ind1="0" ind2=" ">
   <subfield code="a">740.92</subfield>
   <subfield code="2">22/ger</subfield>
  </datafield>
  <datafield tag="082" ind1="0" ind2="4">
   <subfield code="a">740</subfield>
   <subfield code="q">DNB</subfield>
  </datafield>
  <datafield tag="082" ind1="0" ind2="4">
   <subfield code="a">700</subfield>
  </datafield>
  <datafield tag="084" ind1=" " ind2=" ">
   <subfield code="a">700#DNB</subfield>
   <subfield code="2">sdnb</subfield>
  </datafield>
  <datafield tag="084" ind1=" " ind2=" ">
   <subfield code="a">9,10</subfield>
   <subfield code="2">ssgn</subfield>
  </datafield>
  <datafield tag="084" ind1=" " ind2=" ">
   <subfield code="a">LI 54100</subfield>
   <subfield code="2">rvk</subfield>
   <subfield code="0">(DE-625)rvk/96499:</subfield>
  </datafield>
  <datafield tag="084" ind1=" " ind2=" ">
   <subfield code="a">20.31</subfield>
   <subfield code="2">bkl</subfield>
  </datafield>
  <datafield tag="245" ind1="1" ind2="0">
   <subfield code="a">Max Liebermann und die Schweiz</subfield>
   <subfield code="b">Meisterwerke aus Schweizer Sammlungen ; [Ausstellung Max Liebermann und die Schweiz ; Museum Oskar Reinhart, Winterthur, 4. Juli - 19. Oktober 2014]</subfield>
   <subfield code="c">für das Museum Oskar Reinhart, Winterthur, hrsg. von Marc Fehlmann. [Autoren Eva Ditteney ...]</subfield>
  </datafield>
  <datafield tag="264" ind1=" " ind2="1">
   <subfield code="a">München</subfield>
   <subfield code="b">Hirmer</subfield>
   <subfield code="c">2014</subfield>
  </datafield>
  <datafield tag="264" ind1=" " ind2="1">
   <subfield code="a">Winterthur</subfield>
   <subfield code="b">Museum Oskar Reinhart</subfield>
   <subfield code="c">2014</subfield>
  </datafield>
  <datafield tag="300" ind1=" " ind2=" ">
   <subfield code="a">248 S</subfield>
   <subfield code="b">zahlr. Ill</subfield>
   <subfield code="c">30 cm</subfield>
  </datafield>
  <datafield tag="336" ind1=" " ind2=" ">
   <subfield code="a">Text</subfield>
   <subfield code="b">txt</subfield>
   <subfield code="2">rdacontent</subfield>
  </datafield>
  <datafield tag="336" ind1=" " ind2=" ">
   <subfield code="a">unbewegtes Bild</subfield>
   <subfield code="b">sti</subfield>
   <subfield code="2">rdacontent</subfield>
  </datafield>
  <datafield tag="337" ind1=" " ind2=" ">
   <subfield code="a">ohne Hilfsmittel zu benutzen</subfield>
   <subfield code="b">n</subfield>
   <subfield code="2">rdamedia</subfield>
  </datafield>
  <datafield tag="338" ind1=" " ind2=" ">
   <subfield code="a">Band</subfield>
   <subfield code="b">nc</subfield>
   <subfield code="2">rdacarrier</subfield>
  </datafield>
  <datafield tag="500" ind1=" " ind2=" ">
   <subfield code="a">Literaturangaben</subfield>
  </datafield>
  <datafield tag="505" ind1="8" ind2="0">
   <subfield code="t">Grusswort</subfield>
   <subfield code="r">Michael Künzle</subfield>
  </datafield>
  <datafield tag="505" ind1="8" ind2="0">
   <subfield code="t">Zum Geleit</subfield>
   <subfield code="r">Catherine Dreyfus Soguel</subfield>
  </datafield>
  <datafield tag="505" ind1="8" ind2="0">
   <subfield code="t">Vorwort und Dank</subfield>
   <subfield code="r">Barbara Gottstein-Hafter und Marc Fehlmann</subfield>
  </datafield>
  <datafield tag="505" ind1="8" ind2="0">
   <subfield code="t">AufsätzeMax Liebermann : der Künstler als Republikaner</subfield>
   <subfield code="r">Gregor Wedekind</subfield>
  </datafield>
  <datafield tag="505" ind1="8" ind2="0">
   <subfield code="t">Max Liebermann und die Schweiz : Stationen der Rezeption</subfield>
   <subfield code="r">Marc Fehlmann</subfield>
  </datafield>
  <datafield tag="505" ind1="8" ind2="0">
   <subfield code="t">Von Berlin nach Zürich und New York : die Rettung der Sammlung Max Liebermann über die Schweiz</subfield>
   <subfield code="r">Christina Feilchenfeldt</subfield>
  </datafield>
  <datafield tag="505" ind1="8" ind2="0">
   <subfield code="t">Glanz, Verfemung und Exil : als die Werke Liebermanns in die Schweiz wanderten</subfield>
   <subfield code="r">Johannes Nathan</subfield>
  </datafield>
  <datafield tag="505" ind1="8" ind2="0">
   <subfield code="t">KatalogChronologieHäufig verwendete Literatur und ArchivePersonenverzeichnisAbbildungsnachImpressum.</subfield>
  </datafield>
  <datafield tag="583" ind1="1" ind2=" ">
   <subfield code="a">Archivierung/Langzeitarchivierung gewährleistet</subfield>
   <subfield code="f">SSG</subfield>
   <subfield code="x">XA-DE-BW</subfield>
   <subfield code="2">pdager</subfield>
   <subfield code="5">DE-16</subfield>
  </datafield>
  <datafield tag="600" ind1="1" ind2="0">
   <subfield code="a">Liebermann, Max</subfield>
   <subfield code="d">1847-1935</subfield>
   <subfield code="v">Exhibitions</subfield>
  </datafield>
  <datafield tag="650" ind1=" " ind2="0">
   <subfield code="a">Art</subfield>
   <subfield code="x">Collectors and collecting</subfield>
   <subfield code="z">Switzerland</subfield>
   <subfield code="v">Exhibitions</subfield>
  </datafield>
  <datafield tag="655" ind1=" " ind2="7">
   <subfield code="a">Ausstellungskatalog</subfield>
   <subfield code="y">2014</subfield>
   <subfield code="z">Winterthur</subfield>
   <subfield code="0">(DE-588)4135467-9</subfield>
   <subfield code="0">(DE-627)10566491X</subfield>
   <subfield code="0">(DE-576)209660988</subfield>
   <subfield code="2">gnd-content</subfield>
  </datafield>
  <datafield tag="689" ind1="0" ind2="0">
   <subfield code="d">p</subfield>
   <subfield code="0">(DE-588)118572695</subfield>
   <subfield code="0">(DE-627)137031033</subfield>
   <subfield code="0">(DE-576)161988075</subfield>
   <subfield code="a">Liebermann, Max</subfield>
   <subfield code="d">1847-1935</subfield>
   <subfield code="2">gnd</subfield>
  </datafield>
  <datafield tag="689" ind1="0" ind2="1">
   <subfield code="d">s</subfield>
   <subfield code="0">(DE-588)4049716-1</subfield>
   <subfield code="0">(DE-627)104675152</subfield>
   <subfield code="0">(DE-576)209083182</subfield>
   <subfield code="a">Rezeption</subfield>
   <subfield code="2">gnd</subfield>
  </datafield>
  <datafield tag="689" ind1="0" ind2="2">
   <subfield code="d">g</subfield>
   <subfield code="0">(DE-588)4053881-3</subfield>
   <subfield code="0">(DE-627)104584904</subfield>
   <subfield code="0">(DE-576)20910614X</subfield>
   <subfield code="a">Schweiz</subfield>
   <subfield code="2">gnd</subfield>
  </datafield>
  <datafield tag="689" ind1="0" ind2=" ">
   <subfield code="5">(DE-627)</subfield>
  </datafield>
  <datafield tag="700" ind1="1" ind2=" ">
   <subfield code="a">Fehlmann, Marc</subfield>
   <subfield code="d">1965-</subfield>
   <subfield code="e">Hrsg.</subfield>
   <subfield code="0">(DE-588)1056529156</subfield>
   <subfield code="0">(DE-627)794783805</subfield>
   <subfield code="0">(DE-576)412363275</subfield>
   <subfield code="4">edt</subfield>
  </datafield>
  <datafield tag="700" ind1="1" ind2=" ">
   <subfield code="a">Liebermann, Max</subfield>
   <subfield code="d">1847-1935</subfield>
   <subfield code="e">Ill.</subfield>
   <subfield code="0">(DE-588)118572695</subfield>
   <subfield code="0">(DE-627)137031033</subfield>
   <subfield code="0">(DE-576)161988075</subfield>
   <subfield code="4">ill</subfield>
  </datafield>
  <datafield tag="700" ind1="1" ind2=" ">
   <subfield code="a">Ditteney, Eva</subfield>
   <subfield code="0">(DE-588)136159621</subfield>
   <subfield code="0">(DE-627)694137669</subfield>
   <subfield code="0">(DE-576)300866933</subfield>
   <subfield code="4">oth</subfield>
  </datafield>
  <datafield tag="710" ind1="2" ind2=" ">
   <subfield code="a">Museum Oskar Reinhart</subfield>
   <subfield code="0">(DE-588)10022847-1</subfield>
   <subfield code="0">(DE-627)330985701</subfield>
   <subfield code="0">(DE-576)198505507</subfield>
   <subfield code="4">oth</subfield>
  </datafield>
  <datafield tag="711" ind1="2" ind2=" ">
   <subfield code="a">Ausstellung Max Liebermann und die Schweiz</subfield>
   <subfield code="d">2014</subfield>
   <subfield code="c">Winterthur</subfield>
   <subfield code="0">(DE-588)105371193X</subfield>
   <subfield code="0">(DE-627)790555190</subfield>
   <subfield code="0">(DE-576)409648531</subfield>
   <subfield code="4">oth</subfield>
  </datafield>
  <datafield tag="787" ind1="0" ind2="8">
   <subfield code="i">Rezensiert in</subfield>
   <subfield code="a">Whiteley, Jon, 1945 - 2020</subfield>
   <subfield code="t">Max Liebermann und die Schweiz</subfield>
   <subfield code="d">2014</subfield>
   <subfield code="w">(DE-627)1760506354</subfield>
  </datafield>
  <datafield tag="856" ind1="4" ind2="2">
   <subfield code="u">http://d-nb.info/1051336155/04</subfield>
   <subfield code="m">B:DE-101</subfield>
   <subfield code="q">application/pdf</subfield>
   <subfield code="v">2014-07-31</subfield>
   <subfield code="x">Verlag</subfield>
   <subfield code="3">Inhaltsverzeichnis</subfield>
  </datafield>
  <datafield tag="856" ind1="4" ind2="2">
   <subfield code="u">http://deposit.dnb.de/cgi-bin/dokserv?id=4673977&amp;prov=M&amp;dok_var=1&amp;dok_ext=htm</subfield>
   <subfield code="m">X: MVB</subfield>
   <subfield code="q">text/html</subfield>
   <subfield code="v">2014-07-31</subfield>
   <subfield code="x">Verlag</subfield>
   <subfield code="3">Inhaltstext</subfield>
  </datafield>
  <datafield tag="935" ind1=" " ind2=" ">
   <subfield code="i">Blocktest</subfield>
  </datafield>
  <datafield tag="936" ind1="r" ind2="v">
   <subfield code="a">LI 54100</subfield>
   <subfield code="b">Liebermann, Max</subfield>
   <subfield code="k">Kunstgeschichte</subfield>
   <subfield code="k">Künstler-Monografien</subfield>
   <subfield code="k">Alphabetische Künstlerliste</subfield>
   <subfield code="k">Künstler L</subfield>
   <subfield code="k">Liebermann, Max</subfield>
   <subfield code="0">(DE-627)1271135116</subfield>
   <subfield code="0">(DE-625)rvk/96499:</subfield>
   <subfield code="0">(DE-576)201135116</subfield>
  </datafield>
  <datafield tag="936" ind1="b" ind2="k">
   <subfield code="a">20.31</subfield>
   <subfield code="j">Bildende Künstler</subfield>
   <subfield code="0">(DE-627)181571080</subfield>
  </datafield>
  <datafield tag="951" ind1=" " ind2=" ">
   <subfield code="a">BO</subfield>
  </datafield>
  <datafield tag="990" ind1=" " ind2=" ">
   <subfield code="a">Liebermann, Max</subfield>
  </datafield>
  <datafield tag="990" ind1=" " ind2=" ">
   <subfield code="a">Rezeption</subfield>
  </datafield>
  <datafield tag="990" ind1=" " ind2=" ">
   <subfield code="a">Schweiz</subfield>
  </datafield>
  <datafield tag="991" ind1=" " ind2=" ">
   <subfield code="a">Rezensiertes Werk</subfield>
  </datafield>
  <datafield tag="999" ind1=" " ind2=" ">
   <subfield code="a">KXP-PPN786733705</subfield>
   <subfield code="e">4635350584</subfield>
  </datafield>
 </record>
</collection>
